[Event "XVII MetLife Najdorf Open 2017"]
[Site "Warsaw"]
[Date "2017.07.15"]
[Round "7"]
[White "Aditya Mittal"]
[Black "Prince, Bajaj"]
[Result "0-1"]
[WhiteElo "2203"]
[BlackElo "2344"]
[Annotator "RC"]
[PlyCount "76"]
[EventDate "2017.??.??"]
[EventType "swiss"]
[EventCountry "POL"]
[SourceTitle "playchess.com"]
[Source "ChessBase"]
[SourceQuality "1"]
[TimeControl "40/5400+30:1800+30"]

1. d4 {[%emt 0:00:00]} Nf6 {[%emt 0:00:07]} 2. c4 {[%emt 0:00:00]} e6 {[%emt 0:00:05]} 3. Nc3 {[%emt 0:00:11]} Bb4 {[%emt 0:00:05]} 4. f3 {[%emt 0:00:28]} c5 {[%emt 0:00:12]} 5. d5 {[%emt 0:00:10]} d6 {[%emt 0:00:11]} 6. e4 {[%emt 0:00:08]} b5 {[%emt 0:00:08]} 7. Nge2 {[%emt 0:05:47]} exd5 {[%emt 0:10:57]} 8. cxd5 {[%emt 0:00:56]} O-O {[%emt 0:01:20]} 9. Ng3 {[%emt 0:04:08]} a6 {[%emt 0:19:47]} 10. Be2 {[%emt 0:03:08]} Nbd7 {[%emt 0:06:04]} 11. O-O {[%emt 0:04:01]} c4 {[%emt 0:05:25]} 12. Kh1 {[%emt 0:15:32]} Nc5 {[%emt 0:06:03]} 13. Be3 {[%emt 0:11:14]} Re8 {[%emt 0:05:23]} 14. Bd4 {[%emt 0:05:40]} h5 {[%emt 0:08:45]} 15. Kg1 {[%emt 0:22:02]} h4 {[%emt 0:06:57]} 16. Nh1 {[%emt 0:00:09]} Nh5 {[%emt 0:02:33]} 17. a3 {[%emt 0:09:37]} Ba5 {[%emt 0:08:49]} 18. Bxc5 {[%emt 0:00:43]} dxc5 {[%emt 0:00:08]} 19. f4 {[%emt 0:00:03]} Nf6 {[%emt 0:05:17]} 20. e5 {[%emt 0:00:20]} b4 {[%emt 0:05:28]} 21. Na4 {[%emt 0:03:47]} Nxd5 {[%emt 0:00:06]} 22. Bxc4 {[%emt 0:02:38]} Ne3 {[%emt 0:02:01]} 23. Bxf7+ {[%emt 0:04:10]} Kxf7 {[%emt 0:01:05]} 24. Qb3+ {[%emt 0:00:12]} Nd5 {[%emt 0:02:30]} 25. Rad1 {[%emt 0:01:25]} Bb7 {[%emt 0:00:20]} 26. Nxc5 {[%emt 0:01:18]} Bb6 {[%emt 0:02:53]} 27. axb4 {[%emt 0:00:06]} Bc6 {[%emt 0:00:40]} 28. Nf2 {[%emt 0:01:04]} Bxc5 {[%emt 0:00:29]} 29. bxc5 {[%emt 0:00:02]} Rb8 {[%emt 0:00:31]} 30. Qf3 {[%emt 0:02:00]} Kg8 {[%emt 0:00:34]} 31. Ne4 {[%emt 0:02:23]} Rf8 {[%emt 0:00:30]} 32. Qg4 {[%emt 0:01:29]} Qc8 {[%emt 0:00:25]} 33. Qxh4 {[%emt 0:00:56]} Ne3 {[%emt 0:00:22]} 34. Nd6 {[%emt 0:00:37]} Qe6 {[%emt 0:00:45]} 35. Rd3 {[%emt 0:00:27]} Rxb2 {[%emt 0:00:23]} 36. Rf3 {[%emt 0:00:33]} Rxg2+ 37. Kh1 {[%emt 0:00:06]} Bxf3 {[%emt 0:00:45]} 38. Rxe3 {[%emt 0:00:06]} Rg4+ {[%emt 0:00:24]} 0-1

[Event "XVII MetLife Najdorf Open 2017"]
[Site "Warsaw"]
[Date "2017.07.15"]
[Round "7"]
[White "Jeet, Jain"]
[Black "Socko, Monika"]
[Result "1/2-1/2"]
[WhiteElo "2191"]
[BlackElo "2480"]
[Annotator "TA"]
[PlyCount "97"]
[EventDate "2017.??.??"]
[EventType "swiss"]
[EventCountry "POL"]
[SourceTitle "playchess.com"]
[Source "ChessBase"]
[SourceQuality "1"]

{[%evp 19,97,53,47,48,53,47,77,44,44,40,37,15,69,61,72,74,68,72,88,38,29,33,28,37,70,47,116,104,115,108,108,103,117,115,108,121,110,111,174,187,182,170,164,177,204,194,192,182,254,187,175,173,178,136,187,76,78,69,75,79,102,65,58,0,0,0,0,0,15,0,0,0,0,0,0,0,0,0,3,0]} 1. e4 c5 2. Nf3 Nc6 3. d4 cxd4 4. Nxd4 g6 5. c4 Bg7 6. Be3 Nf6 7. Nc3 O-O 8. Be2 d6 9. O-O Bd7 10. Nc2 a6 11. f3 {B38: Sicilian: Maroczy Bind with 5...Bg7 and 7...0-0} Be6 12. Rb1 $146 ({Predecessor:} 12. Qd2 a5 13. b3 Nd7 14. Rac1 Nc5 15. Nd5 Bxd5 16. exd5 Ne5 17. Nd4 Ned7 18. Rb1 Nf6 {1-0 (42) Bachmann,A (2644)-Wang,P (2449) Tromsoe 2014}) 12... Ne5 13. Nd5 {White is better.} Bxd5 14. cxd5 Rc8 15. Bd4 Qa5 ({Black should play} 15... e6 $11) 16. Ne3 $14 b5 17. b4 Qc7 18. a4 Qb7 19. Qb3 Nh5 {Strongly threatening ...Nxf3+!} 20. Kh1 Nf4 21. Bd1 bxa4 22. Qxa4 Ned3 (22... Qb5 $1 $14) 23. Bxg7 Kxg7 24. Qa1+ $1 f6 25. Qd4 $1 Qb5 {[#]} 26. g3 $1 {[%cal Rg3f4]} e5 27. dxe6 $1 Nxe6 28. Qxd6 Rc6 (28... Rfe8 $16 {was necessary.}) 29. Qd7+ $18 Rf7 {[#]} 30. Qd5 $1 Nc7 31. Qb3 Ne5 32. f4 Nd7 33. Bf3 Rd6 (33... a5 $142 34. e5 axb4) 34. Rfd1 Rxd1+ 35. Qxd1 Nb6 36. Qe2 Qa4 (36... Rd7 $16 {was worth a try.} 37. Rc1 Qxb4) 37. Nd5 (37. Qb2 $18) 37... Nbxd5 $16 38. exd5 {d6 is the strong threat.} Nb5 $1 {[%cal Rb5c3] White must now prevent ...Nc3.} 39. Qb2 Nd6 40. Re1 Qb5 41. Kg2 (41. Re2 $14) 41... a5 $1 $11 {The position is equal.} 42. Re6 Nf5 43. Re4 axb4 44. Qxb4 Qxd5 45. Re2 (45. Re1 $5 {[%cal Rf3d5]} Qa2+ 46. Re2 $11) 45... Qd3 46. Qd2 Qa3 47. Be4 Nd6 48. Bd5 (48. Qd3 $5 {[%cal Rd3a3]} Ra7 49. Qxa3 Rxa3 50. Bf3 $11) 48... Rc7 49. Qe3 {Precision: White = 56%, Black = 60%.} 1/2-1/2

[Event "XVII MetLife Najdorf Open 2017"]
[Site "Warsaw"]
[Date "2017.07.15"]
[Round "7"]
[White "Szustakowski, Antoni"]
[Black "Das, Sayantan"]
[Result "0-1"]
[WhiteElo "2171"]
[BlackElo "2399"]
[Annotator "NA RC"]
[PlyCount "78"]
[EventDate "2017.??.??"]
[EventType "swiss"]
[EventCountry "POL"]
[SourceTitle "playchess.com"]
[Source "ChessBase"]
[SourceQuality "1"]
[TimeControl "40/5400+30:1800+30"]

1. e4 {[%emt 0:00:00]} c5 {[%emt 0:00:46]} 2. Nf3 {[%emt 0:00:00]} e6 {[%emt 0:00:07]} 3. g3 {[%emt 0:00:00]} Nc6 {[%emt 0:01:01]} 4. Bg2 {[%emt 0:00:00]} Nf6 {[%emt 0:00:30]} 5. Qe2 {[%emt 0:00:00]} e5 {[%emt 0:00:31]} 6. O-O {[%emt 0:03:00]} g6 {[%emt 0:06:15]} 7. d3 {[%emt 0:17:41]} Bg7 {[%emt 0:04:28]} 8. c4 {[%emt 0:01:22]} d6 {[%emt 0:04:30]} 9. h3 {[%emt 0:02:07]} O-O {[%emt 0:01:17]} 10. Nc3 {[%emt 0:00:33]} a6 {[%emt 0:04:18]} 11. a4 {[%emt 0:14:34]} Rb8 {[%emt 0:02:25]} 12. Ne1 {[%emt 0:04:28]} b5 {[%emt 0:09:13]} 13. axb5 {[%emt 0:12:38]} Nd4 {[%emt 0:00:13]} 14. Qd1 {[%emt 0:00:01]} axb5 {[%emt 0:00:08]} 15. b3 {[%emt 0:00:25]} Ne8 {[%emt 0:11:42]} 16. Be3 {[%emt 0:07:28]} Nc7 {[%emt 0:04:15]} 17. Bxd4 {[%emt 0:05:25]} exd4 {[%emt 0:03:33]} 18. Nd5 {[%emt 0:01:14]} Nxd5 {[%emt 0:02:09]} 19. exd5 {[%emt 0:04:54]} h5 {[%emt 0:01:14]} 20. f4 {[%emt 0:02:43]} Bf5 {[%emt 0:04:51]} 21. Rf2 {[%emt 0:11:17]} Re8 {[%emt 0:02:36]} 22. g4 {[%emt 0:02:24]} hxg4 {[%emt 0:00:07]} 23. hxg4 {[%emt 0:00:01]} Bc8 {[%emt 0:03:12]} 24. g5 {[%emt 0:03:36]} Bf5 {[%emt 0:02:07]} 25. Bf3 {[%emt 0:01:22]} Re3 {[%emt 0:01:03]} 26. Qc2 {[%emt 0:02:51]} f6 {[%emt 0:02:48]} 27. Rg2 {[%emt 0:01:49]} Qe7 {[%emt 0:01:56]} 28. Qd2 {[%emt 0:00:39]} Re8 {[%emt 0:00:29]} 29. Kf2 {[%emt 0:00:26]} fxg5 {[%emt 0:01:14]} 30. fxg5 {[%emt 0:00:16]} Qe5 {[%emt 0:05:37]} 31. cxb5 {[%emt 0:00:47]} Rxf3+ {[%emt 0:02:46]} 32. Kxf3 {[%emt 0:00:53]} Bh3 {[%emt 0:01:47]} 33. Rg4 {[%emt 0:00:59]} Qxd5+ {[%emt 0:03:53]} 34. Re4 {[%emt 0:00:30]} Bf5 {[%emt 0:01:16]} 35. Qf4 {[%emt 0:00:30]} Bxe4+ {[%emt 0:01:49]} 36. dxe4 {[%emt 0:00:10]} Qxb3+ {[%emt 0:00:03]} 37. Kg4 {[%emt 0:00:15]} Be5 {[%emt 0:01:38]} 38. Qf3 {[%emt 0:00:31]} Qe6+ {[%emt 0:00:41]} 39. Kh4 {[%emt 0:00:14]} Rf8 {[%emt 0:00:11]} 0-1

[Event "XVII MetLife Najdorf Open 2017"]
[Site "Warsaw"]
[Date "2017.07.15"]
[Round "7"]
[White "Antolak, Julia"]
[Black "Karpus, Michal"]
[Result "0-1"]
[WhiteElo "2144"]
[BlackElo "2291"]
[Annotator "RC"]
[PlyCount "84"]
[EventDate "2017.??.??"]
[EventType "swiss"]
[EventCountry "POL"]
[SourceTitle "playchess.com"]
[Source "ChessBase"]
[SourceQuality "1"]
[TimeControl "40/5400+30:1800+30"]

1. e4 {[%emt 0:00:00]} e5 {[%emt 0:00:13]} 2. Nf3 {[%emt 0:00:00]} Nc6 {[%emt 0:00:11]} 3. Bb5 {[%emt 0:00:00]} a6 {[%emt 0:00:10]} 4. Ba4 {[%emt 0:00:00]} Nf6 {[%emt 0:00:12]} 5. O-O {[%emt 0:00:00]} Be7 {[%emt 0:00:10]} 6. Re1 {[%emt 0:00:00]} b5 {[%emt 0:00:21]} 7. Bb3 {[%emt 0:00:00]} d6 {[%emt 0:00:24]} 8. c3 {[%emt 0:00:00]} O-O {[%emt 0:00:38]} 9. h3 {[%emt 0:00:02]} Na5 {[%emt 0:00:28]} 10. Bc2 {[%emt 0:00:06]} c5 {[%emt 0:00:07]} 11. d4 {[%emt 0:00:05]} Nd7 {[%emt 0:00:28]} 12. Nbd2 {[%emt 0:01:44]} cxd4 {[%emt 0:00:31]} 13. cxd4 {[%emt 0:00:14]} Nc6 {[%emt 0:00:30]} 14. Nf1 {[%emt 0:11:10]} exd4 {[%emt 0:00:59]} 15. Nxd4 {[%emt 0:00:22]} Nxd4 {[%emt 0:00:17]} 16. Qxd4 {[%emt 0:00:07]} Ne5 {[%emt 0:00:28]} 17. f4 {[%emt 0:06:09]} Nc6 {[%emt 0:14:08]} 18. Qc3 {[%emt 0:07:58]} Bb7 {[%emt 0:04:58]} 19. Be3 {[%emt 0:08:58]} Bf6 {[%emt 0:04:47]} 20. Qd2 {[%emt 0:08:34]} Bxb2 {[%emt 0:05:17]} 21. Rad1 {[%emt 0:02:27]} Ba3 {[%emt 0:05:28]} 22. Re2 {[%emt 0:01:28]} g6 {[%emt 0:14:08]} 23. Nh2 {[%emt 0:02:37]} Rc8 {[%emt 0:07:57]} 24. Bb3 {[%emt 0:15:05]} Na5 {[%emt 0:05:45]} 25. Bd4 {[%emt 0:02:02]} Bc5 {[%emt 0:06:52]} 26. Kh1 {[%emt 0:12:12]} Nxb3 {[%emt 0:02:47]} 27. axb3 {[%emt 0:00:01]} Bxd4 {[%emt 0:01:08]} 28. Qxd4 {[%emt 0:00:05]} Qh4 {[%emt 0:00:56]} 29. Rf1 {[%emt 0:06:36]} Rce8 {[%emt 0:00:57]} 30. Kg1 {[%emt 0:01:52]} Re6 {[%emt 0:02:27]} 31. e5 {[%emt 0:05:28]} dxe5 {[%emt 0:01:18]} 32. Rxe5 {[%emt 0:00:08]} Rd8 {[%emt 0:02:09]} 33. Qb2 {[%emt 0:04:33]} Rxe5 {[%emt 0:01:11]} 34. Qxe5 {[%emt 0:00:39]} Bxg2 {[%emt 0:03:54]} 35. Kxg2 {[%emt 0:01:26]} Rd2+ {[%emt 0:00:07]} 36. Kh1 {[%emt 0:00:10]} Qxh3 {[%emt 0:01:18]} 37. Qe8+ {[%emt 0:02:10]} Kg7 {[%emt 0:00:10]} 38. Qe5+ {[%emt 0:00:02]} f6 {[%emt 0:00:53]} 39. Qc7+ {[%emt 0:00:17]} Kh6 40. Qe7 Kh5 41. Qc5+ f5 42. Qg1 Kh4 0-1

[Event "XVII MetLife Najdorf Open 2017"]
[Site "Warsaw"]
[Date "2017.07.15"]
[Round "7"]
[White "Ghadiri, Radmehr"]
[Black "Sahil, Tickoo"]
[Result "1-0"]
[WhiteElo "2125"]
[BlackElo "2234"]
[Annotator "NA RC"]
[PlyCount "83"]
[EventDate "2017.??.??"]
[EventType "swiss"]
[EventCountry "POL"]
[SourceTitle "playchess.com"]
[Source "ChessBase"]
[SourceQuality "1"]
[TimeControl "40/5400+30:1800+30"]

1. d4 {[%emt 0:00:00]} d5 {[%emt 0:04:23]} 2. c4 {[%emt 0:00:00]} e6 {[%emt 0:00:14]} 3. Nc3 {[%emt 0:00:00]} Be7 {[%emt 0:00:05]} 4. cxd5 {[%emt 0:00:00]} exd5 {[%emt 0:00:01]} 5. Bf4 {[%emt 0:00:17]} c6 {[%emt 0:00:02]} 6. e3 {[%emt 0:00:09]} Bf5 {[%emt 0:00:07]} 7. g4 {[%emt 0:00:05]} Be6 {[%emt 0:00:01]} 8. h4 {[%emt 0:00:08]} Nd7 {[%emt 0:00:06]} 9. g5 {[%emt 0:00:18]} h6 {[%emt 0:00:14]} 10. g6 {[%emt 0:00:06]} Ngf6 {[%emt 0:00:01]} 11. gxf7+ {[%emt 0:00:14]} Bxf7 {[%emt 0:00:02]} 12. Bd3 {[%emt 0:05:47]} Nh5 {[%emt 0:00:50]} 13. Nge2 {[%emt 0:07:37]} Bxh4 {[%emt 0:15:26]} 14. Qc2 {[%emt 0:04:06]} Qf6 {[%emt 0:00:40]} 15. O-O-O {[%emt 0:10:46]} Bxf2 {[%emt 0:12:59]} 16. Kb1 {[%emt 0:41:54]} Nxf4 {[%emt 0:45:42]} 17. Nxf4 {[%emt 0:00:18]} Bxe3 {[%emt 0:00:26]} 18. Nfxd5 {[%emt 0:16:01]} cxd5 {[%emt 0:01:22]} 19. Rde1 {[%emt 0:00:58]} O-O {[%emt 0:02:12]} 20. Rxe3 {[%emt 0:00:03]} Qf4 {[%emt 0:04:57]} 21. Reh3 {[%emt 0:02:18]} Rae8 {[%emt 0:01:09]} 22. Qg2 {[%emt 0:00:46]} Kh8 {[%emt 0:05:02]} 23. Nxd5 {[%emt 0:03:18]} Qd6 {[%emt 0:04:38]} 24. Ne3 {[%emt 0:04:10]} Rxe3 {[%emt 0:00:37]} 25. Rxe3 {[%emt 0:00:02]} Qxd4 {[%emt 0:00:57]} 26. Reh3 {[%emt 0:01:27]} Qd6 {[%emt 0:00:01]} 27. Rg1 {[%emt 0:00:49]} Rg8 {[%emt 0:00:24]} 28. Qe4 {[%emt 0:00:46]} Nf6 {[%emt 0:00:01]} 29. Qxb7 {[%emt 0:00:16]} Qe6 {[%emt 0:01:34]} 30. Rgh1 {[%emt 0:00:29]} Qxa2+ {[%emt 0:00:11]} 31. Kc1 {[%emt 0:00:02]} Qa1+ {[%emt 0:00:57]} 32. Kd2 {[%emt 0:00:42]} Qa5+ {[%emt 0:00:05]} 33. Kc1 {[%emt 0:00:28]} Qa1+ {[%emt 0:00:05]} 34. Bb1 {[%emt 0:01:05]} Qa5 {[%emt 0:01:20]} 35. Qxf7 {[%emt 0:00:51]} Qg5+ {[%emt 0:00:36]} 36. Kd1 {[%emt 0:01:07]} Qg4+ {[%emt 0:00:25]} 37. Kc2 {[%emt 0:00:32]} Qe4+ {[%emt 0:00:25]} 38. Kb3 {[%emt 0:00:24]} Rb8+ {[%emt 0:00:10]} 39. Ka2 {[%emt 0:00:09]} Qa4+ {[%emt 0:01:00]} 40. Ra3 {[%emt 0:00:00]} Qd4 {[%emt 0:00:29]} 41. Rh2 {[%emt 0:05:58]} Nd5 {[%emt 0:00:06]} 42. Rxh6+ 1-0

[Event "XVII MetLife Najdorf Open 2017"]
[Site "Warsaw"]
[Date "2017.07.15"]
[Round "7"]
[White "Domanski, Lukasz"]
[Black "Kujawski, Adam"]
[Result "1/2-1/2"]
[WhiteElo "2113"]
[BlackElo "2300"]
[Annotator "RC"]
[PlyCount "76"]
[EventDate "2017.??.??"]
[EventType "swiss"]
[EventCountry "POL"]
[SourceTitle "playchess.com"]
[Source "ChessBase"]
[SourceQuality "1"]
[TimeControl "40/5400+30:1800+30"]

1. e4 {[%emt 0:00:00]} e5 {[%emt 0:00:09]} 2. Bc4 {[%emt 0:00:00]} Nc6 {[%emt 0:01:40]} 3. Nc3 {[%emt 0:00:12]} Nf6 {[%emt 0:00:30]} 4. d3 {[%emt 0:00:07]} Bb4 {[%emt 0:02:34]} 5. Nge2 {[%emt 0:00:10]} d5 {[%emt 0:03:02]} 6. exd5 {[%emt 0:00:06]} Nxd5 {[%emt 0:00:22]} 7. O-O {[%emt 0:00:15]} Be6 {[%emt 0:07:15]} 8. Bxd5 {[%emt 0:00:22]} Bxd5 {[%emt 0:00:11]} 9. f4 {[%emt 0:00:30]} O-O {[%emt 0:04:27]} 10. f5 {[%emt 0:00:17]} f6 {[%emt 0:01:46]} 11. Nxd5 {[%emt 0:00:16]} Qxd5 {[%emt 0:00:25]} 12. Ng3 {[%emt 0:00:19]} Rad8 {[%emt 0:04:31]} 13. Ne4 {[%emt 0:03:05]} Ba5 {[%emt 0:04:33]} 14. Qg4 {[%emt 0:13:33]} Rd7 {[%emt 0:12:10]} 15. Kh1 {[%emt 0:07:38]} Nb4 {[%emt 0:08:22]} 16. Qe2 {[%emt 0:11:12]} Qc6 {[%emt 0:02:15]} 17. Nc3 {[%emt 0:03:38]} Rfd8 {[%emt 0:04:05]} 18. a3 {[%emt 0:04:52]} Nxc2 {[%emt 0:02:03]} 19. Qxc2 {[%emt 0:05:05]} Rxd3 {[%emt 0:00:13]} 20. Qb3+ {[%emt 0:11:00]} Kh8 {[%emt 0:01:05]} 21. Qe6 {[%emt 0:13:48]} Qxe6 {[%emt 0:01:33]} 22. fxe6 {[%emt 0:03:51]} Bxc3 {[%emt 0:01:30]} 23. bxc3 {[%emt 0:01:49]} Re8 {[%emt 0:03:38]} 24. Rb1 {[%emt 0:03:56]} b6 {[%emt 0:00:12]} 25. Bb2 {[%emt 0:02:28]} Rxe6 {[%emt 0:01:01]} 26. Rbd1 {[%emt 0:07:54]} Red6 {[%emt 0:01:44]} 27. Rxd3 {[%emt 0:00:42]} Rxd3 {[%emt 0:00:06]} 28. Kg1 {[%emt 0:02:46]} Kg8 {[%emt 0:00:55]} 29. c4 {[%emt 0:02:12]} c5 {[%emt 0:04:23]} 30. Rf2 {[%emt 0:01:37]} Kf7 {[%emt 0:01:57]} 31. Kf1 {[%emt 0:00:41]} Ke6 {[%emt 0:01:01]} 32. Ke2 {[%emt 0:00:46]} Rd7 {[%emt 0:00:10]} 33. g4 {[%emt 0:00:43]} Rd8 {[%emt 0:01:33]} 34. Rf3 {[%emt 0:00:26]} h6 {[%emt 0:07:13]} 35. h4 {[%emt 0:00:42]} Rh8 {[%emt 0:07:41]} 36. h5 {[%emt 0:00:27]} Rg8 {[%emt 0:00:39]} 37. Bc1 {[%emt 0:00:14]} g5 {[%emt 0:02:50]} 38. Bb2 {[%emt 0:00:39]} Rb8 {[%emt 0:05:36]} 1/2-1/2

[Event "XVII MetLife Najdorf Open 2017"]
[Site "Warsaw"]
[Date "2017.07.16"]
[Round "8"]
[White "Kovalev, Vladislav"]
[Black "Jarmula, Lukasz"]
[Result "1-0"]
[WhiteElo "2639"]
[BlackElo "2444"]
[Annotator "TA"]
[PlyCount "81"]
[EventDate "2017.??.??"]
[EventType "swiss"]
[EventCountry "POL"]
[SourceTitle "playchess.com"]
[Source "ChessBase"]
[SourceQuality "1"]

{[%evp 20,81,43,12,24,17,24,0,19,15,20,0,22,0,0,0,0,0,0,0,-7,0,0,0,0,0,0,0,0,0,0,0,4,0,31,21,27,29,23,41,25,33,38,35,39,22,36,18,45,56,74,43,48,17,64,38,52,4,109,103,130,133,125,140]} 1. e4 c5 2. Nf3 d6 3. Bb5+ Bd7 4. Bxd7+ Qxd7 5. c4 Nf6 6. Nc3 g6 {B52: Sicilian: Moscow Variation with 3...Bd7} 7. d4 cxd4 8. Nxd4 Bg7 9. f3 Qc7 10. b3 Qa5 11. Bb2 {LiveBook: 7 Games} Nc6 12. O-O O-O 13. Nce2 Nxd4 14. Bxd4 {[#]} a6 $146 15. a3 Rfc8 16. b4 Qd8 17. Qd3 Nd7 18. Bxg7 Kxg7 19. Qd4+ Kg8 20. Rfd1 Rc7 21. Rac1 Rac8 22. f4 Qf8 23. e5 dxe5 24. fxe5 Qg7 25. e6 $1 fxe6 26. c5 b6 {[%cal Rb6c5]} 27. Qe3 Qe5 28. Qxe5 Nxe5 29. cxb6 Rxc1 30. Rxc1 $11 {[%mdl 4096] Endgame KRN-KRN} Rb8 $1 31. Rc5 Nd7 32. Rc7 {[#] Threatens to win with b7.} Nxb6 33. Rc6 Kf7 34. Nd4 {[%mdl 1024] White has compensation.} Ke8 35. Nf3 ({Not} 35. Nxe6 $2 Kd7 $19) 35... Kd8 36. h4 Rb7 37. Kh2 Rb8 38. Kg3 Ke8 (38... a5 $1 $11) 39. Kg4 $16 h6 40. Rxe6 a5 41. Rxg6 {Precision: White = 70%, Black = 55%.} 1-0

[Event "XVII MetLife Najdorf Open 2017"]
[Site "Warsaw"]
[Date "2017.07.16"]
[Round "8"]
[White "Dragun, Kamil"]
[Black "Sadzikowski, Daniel"]
[Result "1/2-1/2"]
[WhiteElo "2621"]
[BlackElo "2563"]
[Annotator "TA"]
[PlyCount "71"]
[EventDate "2017.??.??"]
[EventType "swiss"]
[EventCountry "POL"]
[SourceTitle "playchess.com"]
[Source "ChessBase"]
[SourceQuality "1"]

{[%evp 25,71,12,23,3,3,3,4,3,3,4,5,8,7,0,0,-3,0,0,0,0,0,-8,-4,-5,0,-10,-10,-5,-10,-8,0,-10,0,0,0,0,0,0,0,0,0,0,0,0,0,0,0,0]} 1. Nf3 Nf6 2. b3 g6 3. Bb2 Bg7 4. e3 c5 5. Be2 O-O 6. O-O Nc6 7. d4 cxd4 8. Nxd4 b6 9. c4 Bb7 10. Bf3 Qc7 {A30: Symmetrical English: Double Fianchetto and Hedgehog} (10... Qb8 11. Nxc6 Bxc6 12. Bxc6 dxc6 13. Nc3 Rd8 14. Qe2 h5 15. h3 Qc8 16. Rad1 Qe6 17. Rd2 Rxd2 18. Qxd2 {0-1 (67) Slavin,A (2367)-Lysyj,I (2643) Sochi 2017}) 11. Nc3 Nxd4 12. Bxb7 Qxb7 13. Qxd4 Ne4 {LiveBook: 3 Games} 14. Qxe4 Qxe4 {The position is equal.} 15. Nxe4 {[#] Strongly threatening Bxg7.} Bxb2 16. Rad1 d6 17. Rd5 $146 ({Predecessor:} 17. Rd2 Bg7 18. Rc1 Rfc8 19. Rdc2 {½-½ (63) Rubinetti,J (2435)-Flores,D (2425) Buenos Aires 2001}) 17... a6 18. Rb1 Bg7 19. a4 Rfb8 20. Kf1 b5 21. cxb5 axb5 22. Rxb5 Rxb5 23. axb5 $11 {[%mdl 4096] Endgame KRB-KRN} Rb8 24. Ke2 d5 25. Nd2 Rxb5 26. f4 Kf8 27. Kd3 Ke8 28. Nf3 Kd7 29. b4 h6 30. g4 Kd6 31. h4 Rb8 32. g5 hxg5 33. hxg5 e6 34. e4 dxe4+ 35. Kxe4 Rb5 36. Rb3 {Precision: White = 79%, Black = 73%.} 1/2-1/2

[Event "XVII MetLife Najdorf Open 2017"]
[Site "Warsaw"]
[Date "2017.07.16"]
[Round "8"]
[White "Mista, Aleksander"]
[Black "Piorun, Kacper"]
[Result "0-1"]
[WhiteElo "2599"]
[BlackElo "2637"]
[Annotator "TA"]
[PlyCount "122"]
[EventDate "2017.??.??"]
[EventType "swiss"]
[EventCountry "POL"]
[SourceTitle "playchess.com"]
[Source "ChessBase"]
[SourceQuality "1"]

{[%evp 33,122,0,2,0,0,0,0,0,0,-14,0,0,0,-7,0,0,0,0,-24,-48,-18,-37,-22,-69,-19,-17,0,-84,-7,-100,-45,-60,-14,-113,-121,-180,-182,-185,-68,-143,0,-168,-170,-164,-168,-308,-283,-266,-116,-231,-216,-212,-194,-214,-206,-226,-232,-248,-245,-235,-202,-283,-42,-283,-283,-223,-268,-216,-162,-275,-260,-416,-404,-646,-520,-533,-505,-477,-477,-1314,-1235,-1355,-858,-2156,-1822,-29977,-29978,-29979,-29980,-29984,-29985]} 1. e4 c6 2. d4 d5 3. Nc3 dxe4 4. Nxe4 Bf5 5. Ng3 Bg6 6. h4 h6 7. Nf3 Nd7 8. h5 Bh7 9. Bd3 Bxd3 10. Qxd3 e6 11. Bd2 Ngf6 12. O-O-O Be7 13. Kb1 O-O 14. Ne4 Nxe4 {B19: Classical Caro-Kann: 4...Bf5 main line} 15. Qxe4 Nf6 16. Qe2 Qd5 17. Be3 Qb5 {LiveBook: 17 Games} 18. Rd3 Bd6 {[#]} 19. Bd2 $146 ({Predecessor:} 19. Nd2 a5 20. g4 Ba3 21. b3 a4 22. c4 {1-0 (75) Saric,I (2666)-Donchenko,A (2581) Germany 2016}) 19... Rad8 20. Rh4 c5 21. a4 Qa6 22. dxc5 Bxc5 23. Ne5 Rxd3 24. Nxd3 Be7 25. Rd4 Qc6 26. g4 Rc8 27. c3 Rd8 $36 {[%mdl 2048] Threatens to win with ...Rxd4. Black has the initiative.} 28. Qe5 Nd5 {aiming for ...Bf6.} 29. Qe2 Nf6 (29... Bf6 $11 30. Ne5 Bxe5 31. Qxe5 f6) 30. Qe5 $17 Kh7 (30... Qf3 $17 31. Kc2 Rxd4 32. Qxd4 Nxg4 33. Qxa7 Qe2) 31. Bc1 (31. Qe3 $11 {keeps the balance.}) 31... Qf3 (31... Qg2 $1 $17 32. Rxd8 Bxd8) 32. Qe3 $1 $15 {[%cal Re3f3]} Qd1 {White must now prevent ...Rxd4.} 33. Rxd8 (33. Ne5 $1 $11 Rxd4 34. Qxd4 Qxd4 35. cxd4) 33... Bxd8 $17 34. Ne5 (34. f3 $17) 34... Bb6 $1 $19 {[%cal Rb6e3]} ({Don't take} 34... Nxg4 35. Nxg4 Qxg4 36. Qxa7 $17) 35. Qg3 Qxa4 (35... Bc7 $19 36. Qd3+ Qxd3+ 37. Nxd3 Nxg4) 36. c4 (36. Qf3 $15) 36... Qd1 (36... Bc7 $1 $17 {[%cal Rc7e5] Strongly threatening ...Bxe5.} 37. Qd3+ Kg8) 37. Nxf7 $2 (37. g5 $1 $11 {and White has nothing to worry.} hxg5 38. Nxf7) 37... Qxg4 38. Qxg4 Nxg4 $11 {[%mdl 4096] Endgame KBN-KBN} 39. Nd6 (39. f3 {was the only defense.} Nh2 40. Ne5) 39... Bxf2 $19 ({Not} 39... Nxf2 40. Nxb7 g6 41. Bf4 $17) 40. Nxb7 Ne5 (40... g6 $1 $19 {[%cal Rg6h5] and Black stays clearly on top.} 41. c5 gxh5) 41. b3 (41. Nd8 $17 {was called for.}) 41... Nc6 42. Kc2 g6 $1 43. hxg6+ Kxg6 44. Kd3 h5 {[%cal Bh6h5,Bh5h4][%mdl 32]} 45. Ke4 h4 46. Kf3 {[#]} Bg3 $1 47. Kg4 (47. Be3 $142) 47... Ne5+ 48. Kh3 {[#]} Nd3 $1 {[%cal Rd3c1]} 49. Be3 Kf5 50. Nc5 Nb4 51. Bd2 (51. Nb7 $142) 51... Nc6 52. Na6 (52. Na4 $142) 52... e5 {[%cal Be6e5,Be5e4,Be4e3,Be3e2][%mdl 32]} 53. Nc7 (53. c5 $142 e4 54. b4) 53... Ke4 54. Bg5 Kd3 55. Nd5 a5 56. Ne7 (56. Kg2 $142 Kc2 57. Ne7) 56... Nd4 57. c5 e4 58. c6 Ne6 59. Bf6 e3 {Black mates.} 60. Nd5 e2 61. Bc3 Nc7 {Precision: White = 38%, Black = 69%.} 0-1